000 01553nam2a22003131 4500
001 rc\353495
005 20250612174633.0
010 _a5-06-000283-7
_d35 к.
_935000
021 _aRU
_b89-71663
035 _a(NLR Aleph) 008761599
090 _a7868766
_c7868766
100 _a20030307d1989 |||y0rusy50 ca
101 0 _arus
102 _aRU
105 _aa z||||||||
200 1 _aГПС для сборочных работ
_f[В.Н. Давыгора]
210 _d1989
_aБ. м.
215 _a108, [2] с.
_cил.
320 _aБиблиогр.: с. 109 (12 назв.)
461 0 _1001rc\353482
_12001#$aГибкие производственные системы, промышленные роботы, робототехнические комплексы$e[в 14 книгах]$fпод ред. Б.И. Черпакова$vКн. 13
_97918461
_cМосква
_d1989-1990
_fпод ред. Б.И. Черпакова
_nВысшая школа
_o[в 14 книгах]
_tГибкие производственные системы, промышленные роботы, робототехнические комплексы
_vКн. 13
606 1 _aГибкие автоматизированные производства в сборке машин
_91403698
_3RU\NLR\AUTH\66278698
686 0 _aК680.2-52
_2rubbk
700 1 _aДавыгора
_bВ. Н.
_gВадим Николаевич
801 0 _aRU
_bNLR
_gpsbo
801 1 _aRU
_bELAR
_2rusmarc
801 2 _aRU
_bNLR
_c20140409
_2rusmarc
852 _aNLR
_j89-3/11261 (13)
942 _cBOOK
980 _aNB